Culture Générale - Clic Quiz - La réponse est en emoji par IA #1 - Statistiques

Statistiques générales
  • Ce quiz a été pris 1 175 fois
  • Le résultat moyen est 27 sur 40
Statistiques - réponses
Hint Réponse % Correct
Vladimir Poutine
93%
Donald Trump
92%
Pierre Niney
91%
Brad Pitt
91%
Elon Musk
91%
Vincent Van Gogh
91%
Gerard Depardieu
91%
Mohamed Ali
88%
Léonard de Vinci
87%
50 Cent
86%
Neil Armstrong
85%
Joe Biden
84%
Salvador Dali
83%
Psy
82%
Cyril Hanouna
82%
Morgan Freeman
79%
Jean Reno
78%
Nelson Mandela
77%
Alexandre le Grand
76%
Mohamed Salah
76%
Bill Clinton
73%
Gengis Khan
70%
Gordon Ramsay
70%
Shaquille O'Neal
68%
Bachar al-Assad
66%
Lance Armstrong
63%
Joël Robuchon
59%
Leon Blum
56%
Alain Prost
55%
Bernard Arnault
54%
Albert Camus
51%
Michel Houellebecq
45%
Mick Jagger
44%
Edward Norton
41%
David Schwimmer
41%
Bono
40%
Johnny Cash
38%
Steven Tyler
26%
Christian Slater
24%
Dave Grohl
24%
Aucun quiz correspondant
Distribution des résultats
% des personnes avec chaque résultat
Percentile par nombre de réponses
Votre historique - résultats
Vous n’avez pas pris ce quiz